Historia nauka - Statystyki

Ogólne statystyki
  • Ten quiz został rozwiązany 7 razy
  • Średni wynik to 17 z 27
Statystyki odpowiedzi
Hint Odpowiedź % Poprawnych
2 Bolesław I Chrobry
100%
8 Bolesław III Krzywousty
100%
18 Kazimierz III Wielki
100%
1 Mieszko I
100%
7 Władysław I Herman
100%
22 Władysław III Warneńczyk
100%
21 Władysław II Jagiełło
100%
4 Bezprym
80%
6 Bolesław II Śmiały
80%
5 Kazimierz I Odnowiciel
80%
17 Władysław I Łokietek
80%
25 Aleksander Jagiellończyk
60%
24 Jan I Olbracht
60%
23 Kazimierz IV Jagiellończyk
60%
3 Mieszko II Lambert
60%
27 Zygmunt II August
60%
20 Jadwiga Andegaweńska
40%
12 Kazimierz II Sprawiedliwy
40%
13 Leszek Biały
40%
19 Ludwik Węgierski
40%
11 Mieszko III Stary
40%
14 Przemysł II
40%
9 Władysław II Wygnaniec
40%
26 Zygmunt I Stary
40%
10 Bolesław IV Kędzierzawy
20%
15 Wacław II Czeski
20%
16 Wacław III Czeski
20%
Nie znaleziono quizów pasujących do podanych kryteriów
Rozkład punktacji
Procent ludzi z każdym wynikiem
Percentyl według liczby udzielonych odpowiedzi
Twoja historia wyników
Nie rozwiązałeś tego quizu